<?xml version="1.0" encoding="UTF-8"?>
<marc:record xmlns:marc="http://www.loc.gov/MARC21/slim">
   <marc:leader>00000nam a2200000 a 4500</marc:leader>
   <marc:datafield ind1="1" ind2=" " tag="100">
      <marc:subfield code="a">Bartsch, Christine</marc:subfield>
      <marc:subfield code="4">aut</marc:subfield>
      <marc:subfield code="e">Verfasser/-in</marc:subfield>
   </marc:datafield>
   <marc:datafield ind1=" " ind2=" " tag="653">
      <marc:subfield code="a">Rechtsmedizinerin</marc:subfield>
   </marc:datafield>
   <marc:datafield ind1=" " ind2=" " tag="653">
      <marc:subfield code="a">Mord</marc:subfield>
   </marc:datafield>
   <marc:datafield ind1=" " ind2=" " tag="653">
      <marc:subfield code="a">Aufklärung</marc:subfield>
   </marc:datafield>
   <marc:datafield ind1=" " ind2=" " tag="653">
      <marc:subfield code="a">Softcover / Sachbücher/Politik</marc:subfield>
   </marc:datafield>
   <marc:datafield ind1=" " ind2=" " tag="653">
      <marc:subfield code="a">Gesellschaft</marc:subfield>
   </marc:datafield>
   <marc:datafield ind1=" " ind2=" " tag="653">
      <marc:subfield code="a">Wirtschaft/Gesellschaft</marc:subfield>
   </marc:datafield>
   <marc:datafield ind1=" " ind2=" " tag="653">
      <marc:subfield code="a">Krimis</marc:subfield>
   </marc:datafield>
   <marc:datafield ind1=" " ind2=" " tag="653">
      <marc:subfield code="a">Thriller</marc:subfield>
   </marc:datafield>
   <marc:datafield ind1=" " ind2=" " tag="653">
      <marc:subfield code="a">Spionage</marc:subfield>
   </marc:datafield>
   <marc:datafield ind1="0" ind2="0" tag="245">
      <marc:subfield code="a">Das Gefühl der Kälte</marc:subfield>
   </marc:datafield>
   <marc:datafield ind1="0" ind2="0" tag="245">
      <marc:subfield code="b">die Fälle der Rechtsmedizinerin Charlotte Fahl</marc:subfield>
   </marc:datafield>
   <marc:datafield ind1="0" ind2="0" tag="245">
      <marc:subfield code="c">Christine Bartsch</marc:subfield>
   </marc:datafield>
   <marc:datafield ind1=" " ind2="1" tag="264">
      <marc:subfield code="a">Zürich</marc:subfield>
      <marc:subfield code="b">Orell Füssli Verlag</marc:subfield>
   </marc:datafield>
   <marc:datafield ind1="1" ind2=" " tag="520">
      <marc:subfield code="a">Angaben aus der Verlagsmeldung

Das Gefühl der Kälte : Die Fälle der Rechtsmedizinerin Charlotte Fahl / von Christine Bartsch

'Hast du die Fotos schon angeschaut?', kracht es mit einer tiefen und äußerst erregt klingenden männlichen Stimme aus dem Telefon. 'Meine Güte, der Hals ist echt übel zugerichtet, so etwas habe ich in meinem ganzen Leben noch nicht gesehen. Die Kehle hat er ihr eiskalt durchgeschnitten, dieses fiese Schwein.'
Die Fotos, der Hals, fieses Schwein? Charlotte wusste mit den spärlichen Angaben des Kommissars in diesem Moment nicht viel anzufangen: 'Hallo, Urs, bist du das?', versucht sie ein wenig Zeit zu gewinnen. 'Ähh, um welche Fotos gehts denn und um welchen Fall überhaupt?'
Wenn die Medizinerin Charlotte Fahl auf ihre 'Patienten' trifft, sind diese bereits tot. Doch Fahl bringt sie zum Sprechen. Was war die Todesursache?
Dieses Buch besteht aus 12 Kurzgeschichten rund um die Rechtsmedizinerin Charlotte Fahl, deren Fälle auf wahren Begebenheiten beruhen.
Es ist eine glänzende Tour de Force durch eine der unheimlichsten Disziplinen der Medizin sowie eine Sammlung erstaunlicher Porträtminiaturen, die von den Toten und den Abgründen menschlichen Handelns erzählt.
</marc:subfield>
   </marc:datafield>
   <marc:datafield ind1=" " ind2=" " tag="020">
      <marc:subfield code="a">9783280056103</marc:subfield>
      <marc:subfield code="9">9783280056103</marc:subfield>
   </marc:datafield>
   <marc:datafield ind1=" " ind2=" " tag="020">
      <marc:subfield code="a">3280056101</marc:subfield>
      <marc:subfield code="9">3280056101</marc:subfield>
   </marc:datafield>
   <marc:datafield ind1=" " ind2=" " tag="041">
      <marc:subfield code="a">ger</marc:subfield>
   </marc:datafield>
   <marc:datafield ind1=" " ind2=" " tag="300">
      <marc:subfield code="a">251 Seiten</marc:subfield>
   </marc:datafield>
</marc:record>
